Warranty row mars launch of anti-cowboy scheme (Record no. 67579)
[ view plain ]
| 000 -LEADER | |
|---|---|
| fixed length control field | 01001cam a2200217 4500 |
| 001 - CONTROL NUMBER | |
| control field | WB3726-01 |
| 008 - FIXED-LENGTH DATA ELEMENTS--GENERAL INFORMATION | |
| fixed length control field | 000000n2001 000 0 eng u |
| 035 ## - SYSTEM CONTROL NUMBER | |
| System control number | (Sirsi) u113424 |
| 245 ## - TITLE STATEMENT | |
| Title | Warranty row mars launch of anti-cowboy scheme |
| 260 ## - PUBLICATION, DISTRIBUTION, ETC. | |
| Date of publication, distribution, etc. | 2001 |
| 490 ## - SERIES STATEMENT | |
| Series statement | Building |
| Volume/sequential designation | 266(8191) 29 June 2001, 11(1) |
| 520 ## - SUMMARY, ETC. | |
| Summary, etc. | Launch of anti-cowboy scheme for builders has been affected by claims from many contractors that they will shun the scheme because they object to its insolvency warranty. Critics include the chief executive of the National Federation of Roofing Contractors who argues that the warranties will make some jobs too costly as builders will have to commit to an expense for all domestic work. http://www.qualitymark.org.uk |
| 590 ## - LOCAL NOTE (RLIN) | |
| Local note | WB |
| 650 ## - SUBJECT ADDED ENTRY--TOPICAL TERM | |
| Topical term or geographic name entry element | COWBOY BUILDERS |
| 650 ## - SUBJECT ADDED ENTRY--TOPICAL TERM | |
| Topical term or geographic name entry element | QUALITY MARK |
| 650 ## - SUBJECT ADDED ENTRY--TOPICAL TERM | |
| Topical term or geographic name entry element | NATIONAL FEDERATION OF ROOFING CONTRACTORS |
| 650 ## - SUBJECT ADDED ENTRY--TOPICAL TERM | |
| Topical term or geographic name entry element | FEDERATION OF MASTER BUILDERS |
| 650 ## - SUBJECT ADDED ENTRY--TOPICAL TERM | |
| Topical term or geographic name entry element | WARRANTIES |
| 690 ## - LOCAL SUBJECT ADDED ENTRY--TOPICAL TERM (OCLC, RLIN) | |
| Topical term or geographic name as entry element | BUILT ENVIRONMENT |
| 942 ## - ADDED ENTRY ELEMENTS (KOHA) | |
| Suppress in OPAC | 0 |
| Withdrawn status | Lost status | Source of classification or shelving scheme | Damaged status | Not for loan | Home library | Current library | Shelving location | Date acquired | Total Checkouts | Full call number | Barcode | Date last seen | Copy number | Price effective from | Koha item type |
|---|---|---|---|---|---|---|---|---|---|---|---|---|---|---|---|
| Dewey Decimal Classification | London | London | News article | 04/07/2001 | WB3726-01 | 113424-1001 | 06/08/2019 | 1 | 06/08/2019 | News article |